000 00545cam a22002052a 4500
001 025111
003 AR-FADEU
008 311216n1971####xxu####################dd
092 _a330.124
_bK19
_eJLS
100 _aKaser, Michael
245 _aLa nueva planificación económica en Europa Oriental
260 _aMadrid
260 _bAlianza
260 _c1971
300 _a224 p
440 _aEl libro de bolsillo, ciencia y técnica
_n349
700 _aJanusz G., Zielinsky
650 _aECONOMIA-EUROPA ORIENTAL/JLS/
942 _cJLS
999 _c30797
_d30797